|
|
|
|
| LEADER |
01230nam a2200313 a 4500 |
| 001 |
1051 |
| 003 |
BD-DhAAL |
| 005 |
20150418113956.0 |
| 008 |
150418s1996 ii b 000 0 eng |
| 010 |
|
|
|a 96901738
|
| 020 |
|
|
|a 8173280525
|
| 040 |
|
|
|a DLC
|c DLC
|d BD-DhAAL
|
| 050 |
0 |
0 |
|a LC315.I4
|b K37 1996
|
| 082 |
0 |
0 |
|a 370.11/4/0954
|2 21
|
| 100 |
1 |
|
|a Kapur, Jagat Narain,
|d 1923-
|9 10500
|
| 245 |
1 |
0 |
|a Ethical values for excellence in education and science /
|c J.N. Kapur.
|
| 260 |
|
|
|a New Delhi :
|b Wishwa Prakashan,
|c c1996.
|
| 300 |
|
|
|a iv, 157 p. ;
|c 22 cm.
|
| 504 |
|
|
|a Includes bibliographical references.
|
| 520 |
|
|
|a Collection of lectures and addresses delivered by the author on different occasions with reference to Indian society.
|
| 541 |
|
|
|e 1051
|
| 650 |
|
0 |
|a Moral education
|z India.
|9 10501
|
| 650 |
|
0 |
|a Values
|x Study and teaching
|z India.
|9 10502
|
| 650 |
|
0 |
|a Education
|x Aims and objectives
|z India.
|9 10503
|
| 650 |
|
0 |
|a Science
|x Study and teaching
|x Moral and ethical aspects
|z India.
|9 10504
|
| 653 |
|
|
|a 95-90 ; 03
|
| 942 |
|
|
|2 ddc
|c BK
|
| 999 |
|
|
|c 34258
|d 34258
|
| 952 |
|
|
|0 0
|1 0
|2 ddc
|4 0
|6 370_114095400000000
|7 0
|9 53484
|a SCL
|b SCL
|c GEN
|d 2015-04-18
|g 250.00
|l 0
|o 370.1140954
|p 3020001051
|r 2015-04-18
|t 1
|w 2015-04-18
|y BK
|